|
|
|
|
| LEADER |
01546nam a22003971i 4500 |
| 001 |
EBC1531579 |
| 003 |
MiAaPQ |
| 005 |
20200520144314.0 |
| 006 |
m o d | |
| 007 |
cr cnu|||||||| |
| 008 |
131202t20132013sz a ob 001 0 eng d |
| 020 |
|
|
|z 9789221274896
|
| 020 |
|
|
|a 9789221274902
|q (electronic bk.)
|
| 035 |
|
|
|a (MiAaPQ)EBC1531579
|
| 035 |
|
|
|a (Au-PeEL)EBL1531579
|
| 035 |
|
|
|a (CaPaEBR)ebr10795032
|
| 035 |
|
|
|a (OCoLC)862612146
|
| 040 |
|
|
|a MiAaPQ
|b eng
|e rda
|e pn
|c MiAaPQ
|d MiAaPQ
|
| 050 |
|
4 |
|a HD7795
|b .L33 2013
|
| 245 |
0 |
0 |
|a Labour administration in uncertain times :
|b policy, practice and institutions /
|c edited by Jason Heyes, Ludek Rychly.
|
| 264 |
|
1 |
|a Geneva :
|b International Labour Office,
|c [2013]
|
| 264 |
|
4 |
|c 2013
|
| 300 |
|
|
|a 1 online resource (318 pages) :
|b illustrations
|
| 336 |
|
|
|a text
|2 rdacontent
|
| 337 |
|
|
|a computer
|2 rdamedia
|
| 338 |
|
|
|a online resource
|2 rdacarrier
|
| 504 |
|
|
|a Includes bibliographical references and index.
|
| 588 |
|
|
|a Description based on online resource; title from PDF title page (ebrary, viewed December 2, 2013).
|
| 590 |
|
|
|a Electronic reproduction. Ann Arbor, MI : ProQuest, 2015. Available via World Wide Web. Access may be limited to ProQuest affiliated libraries.
|
| 650 |
|
0 |
|a Industrial relations.
|
| 650 |
|
0 |
|a Labor policy.
|
| 655 |
|
4 |
|a Electronic books.
|
| 700 |
1 |
|
|a Heyes, Jason.
|
| 700 |
1 |
|
|a Rychly, Ludek.
|
| 797 |
2 |
|
|a ProQuest (Firm)
|
| 856 |
4 |
0 |
|u https://ebookcentral.proquest.com/lib/matrademy/detail.action?docID=1531579
|z Click to View
|